|
|
|
|
| LEADER |
00911nam a2200253 a 4500 |
| 001 |
8470744 |
| 008 |
111115s1966 xx 000 0 eng |
| 010 |
|
|
|a 66016127
|
| 020 |
|
|
|a 9971512351
|
| 040 |
|
|
|a DLC
|c NhD
|d OCoLC
|d Uk
|d DLC
|d BD-DhAAL
|
| 042 |
|
|
|a premarc
|
| 050 |
0 |
0 |
|a TK454.2
|b .K8 1966
|
| 082 |
0 |
4 |
|a 621.38132
|
| 100 |
1 |
|
|a Kuo, Franklin F.,
|d 1934-
|
| 245 |
1 |
0 |
|a Network analysis and synthesis /
|c by Franklin F. Kuo.
|
| 250 |
|
|
|a 2nd ed.
|
| 260 |
|
|
|a New York :
|b Wiley,
|c c1966
|
| 300 |
|
|
|a xvii, 515 p. :
|b illus. ;
|c 24cm.
|
| 504 |
|
|
|a Includes bibliographical references and index.
|
| 541 |
|
|
|e 00012317
|
| 650 |
|
0 |
|a Electric networks.
|
| 852 |
1 |
|
|a Ayesha Abed Library
|c General shelf.
|
| 999 |
|
|
|c 11410
|d 11410
|
| 952 |
|
|
|0 0
|1 0
|2 ddc
|4 0
|6 621_381320000000000_KUO
|7 0
|9 18548
|a BRACUL
|b BRACUL
|c GEN
|d 2011-11-15
|l 0
|o 621.38132 KUO
|p 3010012317
|r 2011-11-15
|t 1
|w 2011-11-15
|y BK
|x Price not available in Register
|